Sports par le logo de leur Fédération Française - Statistiques

Statistiques générales
  • Ce quiz a été pris 96 fois
  • Le résultat moyen est 10 sur 17
Statistiques - réponses
Par images Réponse % Correct
Baseball
96%
Equitation
94%
Hockey sur glace
88%
Cyclisme
83%
Tir à l'arc
79%
Parachutisme
75%
Tennis
64%
Canoe
62%
Voile
62%
Haltérophilie
61%
Judo
58%
Karaté
55%
Boxe
51%
Taekwondo
44%
Badminton
27%
Triathlon
26%
Ski
19%
Aucun quiz correspondant
Distribution des résultats
% des personnes avec chaque résultat
Percentile par nombre de réponses
Votre historique - résultats
Vous n’avez pas pris ce quiz